|
|
|
|
| LEADER |
00707nam a22001817a 4500 |
| 008 |
180221b xxu||||| |||| 00| 0 mal d |
| 020 |
|
|
|a 9789384571962
|c INR160
|
| 082 |
|
|
|a 398.3
|
| 100 |
|
|
|a Aju K. Narayanan
|
| 245 |
|
|
|a Keralathile Bhuddhamatha paramparyam nattarivukaliloode /
|c Aju K. Narayanan
|
| 250 |
|
|
|a Second edition
|
| 260 |
|
|
|a Kottayam :
|b Sahithya pravarthaka sahakarana sangham,
|b N B S,
|c 2014.
|
| 300 |
|
|
|a 204p. ;
|c 23 cm.
|
| 650 |
|
|
|a Folkloristics
|x Cultural studies
|
| 942 |
|
|
|c BK
|
| 546 |
|
|
|a Malayalam
|
| 999 |
|
|
|c 287706
|d 287706
|
| 952 |
|
|
|0 0
|1 0
|4 0
|6 398_300000000000000_AJU_K
|7 0
|9 326594
|a FLK
|b FLK
|c ST1
|d 2018-02-21
|e BK
|g 160.00
|i 5471
|l 1
|o 398.3 AJU/K
|p FLK5471
|r 2018-07-25
|s 2018-07-25
|w 2018-02-21
|y BK
|